Handbook of basic transistor circuits and measurements (Record no. 23503)

000 -LEADER
fixed length control field 00677nam a22002417a 4500
001 - CONTROL NUMBER
control field 23503
003 - CONTROL NUMBER IDENTIFIER
control field BD-DhUET
008 - FIXED-LENGTH DATA ELEMENTS--GENERAL INFORMATION
fixed length control field 150504b xxu||||| |||| 00| 0 eng d
040 ## - CATALOGING SOURCE
Transcribing agency DLC
Modifying agency BD-DhUET
Original cataloging agency DLC
082 ## - DEWEY DECIMAL CLASSIFICATION NUMBER
Classification number 623.8151
Item number THO/1966
100 ## - MAIN ENTRY--PERSONAL NAME
Personal name Thorton, R. D.
245 ## - TITLE STATEMENT
Title Handbook of basic transistor circuits and measurements
250 ## - EDITION STATEMENT
Edition statement 1st ed.
260 ## - PUBLICATION, DISTRIBUTION, ETC. (IMPRINT)
Place of publication, distribution, etc. New York
Name of publisher, distributor, etc. McGraw-Hill
Date of publication, distribution, etc. 1966
300 ## - PHYSICAL DESCRIPTION
Extent xvi,156p.
Other physical details ill
490 ## - SERIES STATEMENT
Series statement Semiconductor Electronics Education Committee Books
500 ## - GENERAL NOTE
General note Volume - 7
650 #0 - SUBJECT ADDED ENTRY--TOPICAL TERM
Topical term or geographic name as entry element Circuits : Electronics : Engineering
700 ## - ADDED ENTRY--PERSONAL NAME
Personal name Linvill, J. L.
700 ## - ADDED ENTRY--PERSONAL NAME
Personal name Chenette, E. R.
700 ## - ADDED ENTRY--PERSONAL NAME
Personal name Ablin, H. L.
942 ## - ADDED ENTRY ELEMENTS (KOHA)
Koha item type General Book
Holdings
Damaged status Price effective from Piece designation (barcode) Source of classification or shelving scheme Withdrawn status Copy number Koha date last seen Sublocation or collection (holding branch) Date acquired Koha full call number Lost status Shelving location Location (home branch) Not for loan Koha normalized classification for sorting Koha item type
 2015-05-0412511  12015-05-04Central Library, BUET2015-05-04623.8151/THO/1966 Circulation sectionCentral Library, BUET 623_815100000000000_THO_1966General Book
 2015-05-0427855  22015-05-04Central Library, BUET2015-05-04623.8151/THO/1966 Circulation sectionCentral Library, BUET 623_815100000000000_THO_1966General Book
 2015-05-0435753  32015-05-04Central Library, BUET2015-05-04623.8151/THO/1966 Circulation sectionCentral Library, BUET 623_815100000000000_THO_1966General Book
 2015-05-0435746  42015-05-04Central Library, BUET2015-05-04623.8151/THO/1966 Circulation sectionCentral Library, BUET 623_815100000000000_THO_1966General Book
 2015-05-0435739  52015-05-04Central Library, BUET2015-05-04623.8151/THO/1966 Circulation sectionCentral Library, BUET 623_815100000000000_THO_1966General Book
 2015-06-2533545  62015-06-25Central Library, BUET2015-06-25623.8151/THO/1966 Reading sectionCentral Library, BUET 623_815100000000000_THO_1966Reading Item